Lecciones de filosofía del derecho / (Registro nro. 8452)

Detalles MARC
000 -LEADER
fixed length control field 01452nam a2200253Ia 4500
003 - CONTROL NUMBER IDENTIFIER
control field OSt
005 - DATE AND TIME OF LATEST TRANSACTION
control field 20210830161418.0
008 - FIXED-LENGTH DATA ELEMENTS--GENERAL INFORMATION
fixed length control field 210310s1984 mx fr 001 0 spa d
020 ## - INTERNATIONAL STANDARD BOOK NUMBER
International Standard Book Number 9688371866
040 ## - CATALOGING SOURCE
Original cataloging agency CO-JMCR
Transcribing agency CO-JMCR
041 0# - LANGUAGE CODE
Language code of text/sound track or separate title spa
082 04 - DEWEY DECIMAL CLASSIFICATION NUMBER
Classification number 340.1 /
Item number P923l
Edition number 23
100 1# - MAIN ENTRY--PERSONAL NAME
Personal name Preciado Hernández , Rafael,
9 (RLIN) 17313
Relator term autor
245 10 - TITLE STATEMENT
Title Lecciones de filosofía del derecho /
Statement of responsibility, etc. Rafael Preciado Hernández
250 ## - EDITION STATEMENT
Edition statement Segunda edición
260 ## - PUBLICATION, DISTRIBUTION, ETC.
Place of publication, distribution, etc. México :
Name of publisher, distributor, etc. Universidad Nacional Autónoma de México ;
Date of publication, distribution, etc. 1984
300 ## - PHYSICAL DESCRIPTION
Extent 313 páginas ;
Dimensions 22 cm.
490 0# - SERIES STATEMENT
Series statement Textos universitarios
500 ## - GENERAL NOTE
General note Incluye notas a pie de página e índice de autores y analítico.
505 0# - FORMATTED CONTENTS NOTE
Formatted contents note Filosofía y filosofía del derecho -- Misión de la filosofía del derecho -- Contenido de la filosofía del derecho -- El problema del método en la filosofía del derecho -- Filosofía del derecho y ciencias afines -- Concepto genérico de norma -- Especies de normas -- Normas jurídicas -- El derecho es una relación social -- Derecho positivo -- Derecho y reglas del tanto social -- Relaciones entre lo normativo, lo social y lo moral -- El bien, objeto formal de la voluntad -- El bien común -- La justicia -- La seguridad jurídica -- Derecho natural -- Síntesis de la investigación sobre los primeros principios del derecho
650 14 - SUBJECT ADDED ENTRY--TOPICAL TERM
Topical term or geographic name entry element Derecho
9 (RLIN) 17315
General subdivision Filosofía
650 24 - SUBJECT ADDED ENTRY--TOPICAL TERM
Topical term or geographic name entry element Derecho
General subdivision Historia
Geographic subdivision Grecia
9 (RLIN) 39789
942 ## - ADDED ENTRY ELEMENTS (KOHA)
Source of classification or shelving scheme Dewey Decimal Classification
Koha item type Books
Existencias
Withdrawn status Lost status Source of classification or shelving scheme Damaged status Not for loan Collection code Home library Current library Date acquired Source of acquisition Full call number Barcode Date last seen Copy number Koha item type
    Dewey Decimal Classification     Non-fiction Biblioteca Pública José María del Castillo y Rada Biblioteca Pública José María del Castillo y Rada 04/15/2018 Donación 340.1 / P923l 430003913 05/16/2024 Ej.1 Books